study of using moriinga oleifera leaves replace soybean in concentrate on growth rate of quail at animal experimental station of rua (ការសិក្សាលើកាប្រើប្រាស់ស្លឹកម្រុំក្រៀមជំនួសសណ្ថែកសៀងក្នុងចំណីផ្សំលើការលូតលាស់របស់ក្រួចនៅស្ថានីយ៍ចិញ្ចឹមសត្វនៃសាកលវិទ្យាល័យភូមិន្ទកសិកម្ម) (Record no. 2424)
[ view plain ]
| 000 -LEADER | |
|---|---|
| fixed length control field | 00910nam a22001577a 4500 |
| 003 - CONTROL NUMBER IDENTIFIER | |
| control field | OSt |
| 005 - DATE AND TIME OF LATEST TRANSACTION | |
| control field | 20151021101431.0 |
| 008 - FIXED-LENGTH DATA ELEMENTS--GENERAL INFORMATION | |
| fixed length control field | 151021b xxu||||| |||| 00| 0 eng d |
| 040 ## - CATALOGING SOURCE | |
| Transcribing agency | RUA |
| 082 ## - DEWEY DECIMAL CLASSIFICATION NUMBER | |
| Classification number | AVM VOE 2009 B090 Or.1 |
| 100 ## - MAIN ENTRY--PERSONAL NAME | |
| 9 (RLIN) | 2574 |
| Personal name | VOEURN, SAMPHOS. |
| 245 ## - TITLE STATEMENT | |
| Title | study of using moriinga oleifera leaves replace soybean in concentrate on growth rate of quail at animal experimental station of rua (ការសិក្សាលើកាប្រើប្រាស់ស្លឹកម្រុំក្រៀមជំនួសសណ្ថែកសៀងក្នុងចំណីផ្សំលើការលូតលាស់របស់ក្រួចនៅស្ថានីយ៍ចិញ្ចឹមសត្វនៃសាកលវិទ្យាល័យភូមិន្ទកសិកម្ម) |
| 260 ## - PUBLICATION, DISTRIBUTION, ETC. (IMPRINT) | |
| Place of publication, distribution, etc. | Phnom Penh |
| Name of publisher, distributor, etc. | RUA |
| Date of publication, distribution, etc. | 2009 |
| 300 ## - PHYSICAL DESCRIPTION | |
| Extent | vi, 45p. |
| Other physical details | ill. |
| Dimensions | 29cm. |
| 942 ## - ADDED ENTRY ELEMENTS (KOHA) | |
| Source of classification or shelving scheme | |
| Koha item type | AVM |
| Price effective from | Date last seen | Permanent Location | Not for loan | Date acquired | Source of classification or shelving scheme | Koha item type | Lost status | Withdrawn status | Date last checked out | Total Checkouts | Shelving location | Damaged status | Barcode | Current Location | Full call number |
|---|---|---|---|---|---|---|---|---|---|---|---|---|---|---|---|
| 2015-10-21 | 2015-10-21 | Library Block B | 2015-10-21 | AVM | B090 | RUA015040 | Library Block B | AVM VOE 2009 B090 Or.1 | |||||||
| 2015-10-21 | 2018-07-13 | Library Block B | 2015-10-21 | AVM | 2018-06-22 | 1 | B090 | RUA020021 | Library Block B | AVM VOE 2009 B090 Or.2 | |||||
| 2015-10-21 | 2015-10-21 | Library Block B | 2015-10-21 | AVM | B090 | RUA009300 | Library Block B | AVM VOE 2009 B090 Or.3 | |||||||
| 2015-10-21 | 2025-08-26 | Library Block B | 2015-10-21 | AVM | 2025-08-18 | 1 | B090 | RUA015162 | Library Block B | AVM VOE 2009 B090 Or.4 | |||||
| 2015-10-21 | 2015-10-21 | Library Block B | 2015-10-21 | AVM | B090 | RUA015021 | Library Block B | AVM VOE 2009 B090 Or.5 |